000
00273nam a2200109Ia 4500
008
200302s9999 xx 000 0 und d
100
_a
Joseph Dechiara
245
_a
Time Saver Standard for Housing
260
_b
Mcgraw-Hill Book Company
260
_c
1995
300
_a
1113 P.,
999
_c
1065
_d
1065